zpět

Detail výsledku týmu

Kozlovna S-klub, Olomouc

Datum a čas kvízu

28 Celkem bodů Celkový počet nahraných bodů na tomto kvízu bez doplňovacích otázek.
8. Pořadí na kvízu Konečné umístění týmu na tomto kvízu.

Zaznamenané odpovědi

# Otázka Odpověď Body Výsledky
1. V neděli 17. listopadu v 17:11... Modlitba pro Martu 1
2. Ruské ministerstvo spravedlnos... Člověk v tísni 1
3. Příslušníci jistého náboženstv... o sikhismus 0
4. Čínská firma Huawei rozdá svým... trumpovné 0
5. Ve kterém českém městě se odeh... v Plzni 0
6. Téma o tomto komikovi si vybra... v Litoměřicích 1
7. Jak se jmenuje herečka zdatně... Iva Janžurová 1
8. Kdo je "průkopníkem českého di... Tyl 1
9. Kde se odehrává tato scénka? A... B) na hřbitově 1
10. Ve scénce V restauraci hraje H... To vám snad stačí, ne? 1